[Event "Michigan Action"]
[Site "Detroit"]
[Date "1991.12.07"]
[Round "2"]
[White "Ruelas, Erik"]
[Black "Skidmore, Mike"]
[Result "0-1"]
[WhiteElo "1605"]
[BlackElo "1914"]
[PlyCount "60"]
[EventDate "1991.12.07"]

1. e4 c6 2. Nf3 d5 3. d3 dxe4 4. dxe4 Qxd1+ 5. Kxd1 Bg4 6. Be2 Nd7 7. h3 Bh5 8.
Be3 O-O-O 9. Bxa7 Bxf3 10. Bxf3 b6 11. Nc3 Kb7 12. Na4 Nc5+ 13. Ke1 Nxa4 14.
Bxb6 Nxb6 15. Ke2 e5 16. Rhd1 Rxd1 17. Rxd1 Be7 18. Rd3 Nf6 19. Rb3 Kc7 20. g4
h6 21. a3 Rd8 22. Ke3 Nc4+ 23. Ke2 Nd2 24. Rc3 Ndxe4 25. Bxe4 Nxe4 26. Re3 Ng5
27. Rxe5 Bf6 28. Re3 Bxb2 29. h4 Ne6 30. Rf3 Nd4+ 0-1

[Event "Michigan Action"]
[Site "Detroit"]
[Date "1991.12.07"]
[Round "1"]
[White "Ruelas, Erik"]
[Black "Baze, Lineas"]
[Result "1-0"]
[WhiteElo "1605"]
[BlackElo "2047"]
[PlyCount "112"]
[EventDate "1991.12.07"]

1. e4 c5 2. Nf3 Nc6 3. Nc3 d6 4. d3 g6 5. g3 Bg7 6. Bg2 e6 7. O-O Nge7 8. Bg5
h6 9. Be3 Nd4 10. Re1 Nec6 11. Ne2 Nxf3+ 12. Bxf3 Bxb2 13. Rb1 Bg7 14. d4 cxd4
15. Bxd4 Nxd4 16. Nxd4 a6 17. Re3 O-O 18. Reb3 e5 19. Ne2 Qe7 20. Rb6 Rd8 21.
R1b4 Bf8 22. Nc3 Be6 23. Nd5 Bxd5 24. Qxd5 Rac8 25. Rxb7 Qe6 26. Qxe6 fxe6 27.
Bg4 Re8 28. c4 h5 29. Be2 Re7 30. Rxe7 Bxe7 31. Rb6 a5 32. Ra6 Rc5 33. Ra8+ Kf7
34. Kg2 Kf6 35. Kf3 d5 36. cxd5 exd5 37. exd5 Rxd5 38. Ke4 Rd4+ 39. Kf3 Ra4 40.
Ra6+ Kg7 41. Bd3 Bf6 42. Bb1 Rb4 43. Be4 Rb5 44. g4 hxg4+ 45. Kxg4 Rb4 46. f3
Rb2 47. Rxa5 Rxh2 48. a4 Ra2 49. Ra7+ Kh6 50. a5 Rg2+ 51. Kh3 Rd2 52. a6 Bd8
53. Kg3 Bb6 54. Ra8 Bd4 55. Kg4 Rg2+ 56. Kh3 Ra2 1-0

[Event "Michigan Action"]
[Site "Detroit"]
[Date "1991.12.07"]
[Round "6"]
[White "Reeves, Andre"]
[Black "Poenisch, Volker"]
[Result "0-1"]
[WhiteElo "1357"]
[BlackElo "1830"]
[PlyCount "86"]
[EventDate "1991.12.07"]

1. d4 Nf6 2. e3 g6 3. Bd3 Bg7 4. Nf3 d6 5. Nbd2 O-O 6. O-O Re8 7. c3 e5 8. dxe5
dxe5 9. Qc2 Bg4 10. Rd1 Qe7 11. e4 Nc6 12. h3 Be6 13. Bb5 Bd7 14. Nf1 a6 15.
Bc4 Na5 16. Bb3 Nxb3 17. axb3 Bc6 18. Ng3 Rad8 19. Bg5 h6 20. Bxf6 Qxf6 21.
Rxd8 Rxd8 22. Rd1 Rxd1+ 23. Qxd1 Qd6 24. Qxd6 cxd6 25. Nd2 b5 26. f3 Bf6 27.
Kf1 Bg5 28. Ke2 Kg7 29. Ngf1 f5 30. exf5 gxf5 31. g4 fxg4 32. hxg4 Kf6 33. Ne4+
Bxe4 34. fxe4 Bc1 35. c4 bxc4 36. bxc4 Bxb2 37. Ne3 Ba3 38. Nf5 Kg5 39. Kf3 a5
40. Ne3 Bc5 41. Nd1 a4 42. Nc3 a3 43. Na2 Kh4 0-1

[Event "Michigan Action"]
[Site "Detroit"]
[Date "1991.12.07"]
[Round "3"]
[White "Reeves, Andre"]
[Black "Grossman, Jay"]
[Result "0-1"]
[WhiteElo "1357"]
[BlackElo "1842"]
[PlyCount "93"]
[EventDate "1991.12.07"]

1. e4 c5 2. Nc3 d6 3. g3 Nf6 4. f4 e6 5. Bg2 Be7 6. Nge2 O-O 7. d3 Nc6 8. O-O
Bd7 9. d4 cxd4 10. Nxd4 Rc8 11. Be3 a6 12. e5 dxe5 13. fxe5 Ne8 14. Qh5 Qc7 15.
Be4 g6 16. Bxg6 fxg6 17. Rxf8+ Bxf8 18. Qf3 Nxe5 19. Qf2 Ng4 20. Qe2 Nxe3 21.
Qxe3 Bc5 22. Qd3 Bxd4+ 23. Qxd4 Qc5 24. Rd1 Nf6 25. Qxc5 Rxc5 26. Ne4 Nxe4 27.
Rxd7 b5 28. Re7 Rc6 29. c3 Rd6 30. Kf1 Nd2+ 31. Ke2 Nc4 32. b3 Ne5 33. Rc7 Rc6
34. Rxc6 Nxc6 35. Ke3 Kf7 36. Ke4 Kf6 37. Kf4 e5+ 38. Ke4 h6 39. h3 Ke6 40. g4
a5 41. b4 axb4 42. cxb4 Ne7 43. Kd3 Kd5 44. Ke3 Nc8 45. Kd2 Nd6 46. Kc2 e4 47.
Kd1 0-1

[Event "Michigan Action"]
[Site "Detroit"]
[Date "1991.12.07"]
[Round "1"]
[White "Reeves, Andre"]
[Black "Eagle, Chris"]
[Result "0-1"]
[WhiteElo "1357"]
[BlackElo "2134"]
[PlyCount "46"]
[EventDate "1991.12.07"]

1. e4 g6 2. Nf3 Bg7 3. d4 d6 4. Nc3 Nf6 5. Bd3 O-O 6. O-O a6 7. Re1 Bg4 8. h3
Bxf3 9. Qxf3 Nc6 10. Ne2 Nb4 11. c3 Nxd3 12. Qxd3 c5 13. d5 b5 14. a4 Qb6 15.
Be3 b4 16. a5 Qb7 17. c4 Nd7 18. Rab1 Qc7 19. f4 Qxa5 20. e5 dxe5 21. fxe5 Nxe5
22. Qd2 Nxc4 23. Rec1 Nxd2 0-1

[Event "Michigan Action"]
[Site "Detroit"]
[Date "1991.12.07"]
[Round "5"]
[White "Randall, Paul"]
[Black "Reeves, Andre"]
[Result "0-1"]
[WhiteElo "1605"]
[BlackElo "1357"]
[PlyCount "64"]
[EventDate "1991.12.07"]

1. e4 e6 2. d4 d5 3. e5 c5 4. c3 Nc6 5. Nf3 Qb6 6. Bd3 Bd7 7. Ng5 Be7 8. Qh5
Bxg5 9. Qxg5 g6 10. O-O cxd4 11. Re1 Nge7 12. cxd4 Qxd4 13. Qg3 Nb4 14. Rd1
Nxd3 15. Rxd3 Qb4 16. Nc3 Bb5 17. Rf3 d4 18. Rf4 Nd5 19. a3 Qb3 20. Rxd4 Nxc3
21. bxc3 Rd8 22. Rxd8+ Kxd8 23. Bg5+ Kd7 24. Qf3 Ba4 25. Qxf7+ Kc8 26. Qg7 Re8
27. Qxh7 Qb6 28. Qxg6 Rf8 29. Be3 Qb3 30. Rb1 Rd8 31. h4 Qc4 32. h5 Qa2 0-1

[Event "Michigan Action"]
[Site "Detroit"]
[Date "1991.12.07"]
[Round "2"]
[White "Poenisch, Volker"]
[Black "Vaughn, Gerald"]
[Result "0-1"]
[WhiteElo "1830"]
[BlackElo "1605"]
[PlyCount "84"]
[EventDate "1991.12.07"]

1. d4 Nf6 2. c4 d6 3. Nc3 b6 4. e4 Bb7 5. Bd3 e6 6. Nf3 h6 7. O-O Nbd7 8. Re1
Be7 9. b3 O-O 10. Bb2 Re8 11. e5 Nh5 12. Be4 Bxe4 13. Nxe4 dxe5 14. Nxe5 Nxe5
15. dxe5 Qxd1 16. Raxd1 Rad8 17. Bc1 Bb4 18. Rf1 Be7 19. g4 f5 20. gxf5 exf5
21. f4 fxe4 22. Rd5 Bc5+ 23. Kg2 c6 24. Rdd1 Rxd1 25. Rxd1 Rf8 26. Rd7 Nxf4+
27. Bxf4 Rxf4 28. e6 e3 29. e7 Rf2+ 30. Kg3 Bxe7 31. Rxe7 Rxa2 32. Rxe3 a5 33.
Re8+ Kf7 34. Rb8 a4 35. Rxb6 axb3 36. Rxb3 Ra4 37. Rc3 Ke6 38. Kf4 g5+ 39. Ke4
g4 40. Kd4 Ra2 41. Re3+ Kf6 42. Re4 Rd2+ 0-1

[Event "Michigan Action"]
[Site "Detroit"]
[Date "1991.12.07"]
[Round "4"]
[White "Poenisch, Volker"]
[Black "Gramlich, Allen"]
[Result "1-0"]
[WhiteElo "1830"]
[BlackElo "1605"]
[PlyCount "57"]
[EventDate "1991.12.07"]

1. e4 d6 2. d4 Nf6 3. f3 g6 4. c4 Bg7 5. Nc3 O-O 6. Be3 b6 7. Bd3 c5 8. d5 e6
9. Nge2 Na6 10. O-O Nb4 11. Bb1 Bb7 12. a3 Na6 13. dxe6 fxe6 14. Qd2 d5 15.
cxd5 exd5 16. exd5 Nxd5 17. Ba2 Nac7 18. Rad1 Bxc3 19. Nxc3 Ba6 20. Nxd5 Bxf1
21. Ne7+ Kg7 22. Qc3+ Rf6 23. Rxd8 Rxd8 24. Bg5 Rdf8 25. Bxf6+ Rxf6 26. Kxf1
Kf8 27. Qxf6+ Ke8 28. Nd5 Nxd5 29. Bxd5 1-0

[Event "Michigan Action"]
[Site "Detroit"]
[Date "1991.12.07"]
[Round "2"]
[White "Noren, Kevin"]
[Black "Walker, Douglas"]
[Result "1-0"]
[WhiteElo "2323"]
[BlackElo "1828"]
[PlyCount "83"]
[EventDate "1991.12.07"]

1. e4 e5 2. Nf3 Nf6 3. Nc3 Nc6 4. Bb5 Bc5 5. O-O d6 6. d4 exd4 7. Nd5 h6 8.
Nxd4 Bd7 9. Nb3 Bb6 10. Nxb6 axb6 11. Re1 O-O 12. h3 Ne5 13. Bf1 Bc6 14. f4 Ng6
15. Bd3 Nd7 16. Nd4 Nc5 17. Nxc6 bxc6 18. Qg4 Qf6 19. Qg3 Rfe8 20. Kh2 Nxd3 21.
cxd3 Kh7 22. Re2 c5 23. Be3 b5 24. Qf2 b4 25. g3 Qe7 26. b3 Nf8 27. Rf1 Nd7 28.
Qf3 Nf6 29. g4 Ng8 30. Qg3 Ra6 31. g5 Rea8 32. Rff2 c6 33. Rg2 h5 34. g6+ Kh8
35. f5 Nf6 36. Bg5 Ng4+ 37. hxg4 Qxg5 38. gxh5 Qxg3+ 39. Kxg3 fxg6 40. hxg6
Rxa2 41. Rxa2 Rxa2 42. Rxa2 1-0

[Event "Michigan Action"]
[Site "Detroit"]
[Date "1991.12.07"]
[Round "4"]
[White "Noren, Kevin"]
[Black "Finegold, Mark"]
[Result "0-1"]
[WhiteElo "2323"]
[BlackElo "2238"]
[PlyCount "78"]
[EventDate "1991.12.07"]

1. Nf3 d5 2. g3 Nf6 3. Bg2 c6 4. O-O Bf5 5. b3 e6 6. Bb2 Be7 7. c4 h6 8. d3 O-O
9. Nbd2 Nbd7 10. Qc2 a5 11. a3 Bh7 12. Bc3 Qb8 13. Qb2 b5 14. cxb5 Qxb5 15. Nd4
Qb6 16. b4 e5 17. N4f3 d4 18. Nxd4 exd4 19. Bxd4 Qb5 20. Rfc1 Ra6 21. Bc3 axb4
22. axb4 Rfa8 23. Rxa6 Rxa6 24. d4 Nd5 25. Rb1 Ra4 26. e4 Nxc3 27. Qxc3 Bxb4
28. Qc2 Qa6 29. Bf1 Qa8 30. Nc4 c5 31. d5 Ra2 32. Qd3 Nf6 33. f3 Kh8 34. Rd1
Nd7 35. Bh3 Qe8 36. Nd6 Qe7 37. Nc8 Qe5 38. Bxd7 Qb2 39. Rd2 Bxd2 0-1

[Event "Michigan Action"]
[Site "Detroit"]
[Date "1991.12.07"]
[Round "3"]
[White "Moody, David"]
[Black "Thompson, Dexter"]
[Result "0-1"]
[WhiteElo "2002"]
[BlackElo "2200"]
[PlyCount "76"]
[EventDate "1991.12.07"]

1. e4 e5 2. Nf3 Nc6 3. Bc4 Nf6 4. Ng5 d5 5. exd5 Na5 6. Bb5+ c6 7. dxc6 bxc6 8.
Be2 h6 9. Nf3 e4 10. Ne5 Qd4 11. f4 Bc5 12. Rf1 Qd8 13. c3 Nd5 14. Qa4 Qh4+ 15.
Kd1 O-O 16. Qxe4 Rd8 17. d4 Qe7 18. Bd3 Nf6 19. Qf3 Bd6 20. h3 Bb7 21. Be3 c5
22. Qf2 c4 23. Bf5 Bxe5 24. fxe5 Qxe5 25. Kc2 Qb5 26. Nd2 Rab8 27. Rab1 Qa4+
28. Kc1 Qxa2 29. Bc2 Nb3+ 30. Bxb3 cxb3 31. Bxh6 Rbc8 32. Bxg7 Rxc3+ 33. Kd1
Rd3 34. Bxf6 Qxb1+ 35. Ke2 Qc2 36. Qf4 Rxd2+ 37. Qxd2 Re8+ 38. Be5 Ba6+ 0-1

[Event "Michigan Action"]
[Site "Detroit"]
[Date "1991.12.07"]
[Round "5"]
[White "Moody, David"]
[Black "Noren, Kevin"]
[Result "0-1"]
[WhiteElo "2002"]
[BlackElo "2323"]
[PlyCount "28"]
[EventDate "1991.12.07"]

1. e4 c5 2. Nf3 Nc6 3. d4 cxd4 4. Nxd4 Nf6 5. Nc3 d6 6. Bc4 e6 7. Bg5 Be7 8.
Qd2 a6 9. O-O-O Bd7 10. f4 b5 11. Bb3 b4 12. Nxc6 Bxc6 13. Bxf6 gxf6 14. Na4
Qa5 0-1

[Event "Michigan Action"]
[Site "Detroit"]
[Date "1991.12.07"]
[Round "1"]
[White "Moody, David"]
[Black "Brant, J."]
[Result "1-0"]
[WhiteElo "2002"]
[BlackElo "1605"]
[PlyCount "43"]
[EventDate "1991.12.07"]

1. e4 e5 2. Nf3 Nc6 3. d4 Nf6 4. dxe5 Ng4 5. Bf4 Bc5 6. Bg3 d6 7. exd6 cxd6 8.
Bc4 Qf6 9. Nc3 Be6 10. Bxe6 fxe6 11. O-O O-O-O 12. Bh4 g5 13. Bxg5 Qg7 14. Bxd8
Kxd8 15. Na4 Nxf2 16. Nxc5 Qg6 17. Qxd6+ Ke8 18. Qd7+ Kf8 19. Rxf2 b6 20. Ne5+
Kg8 21. Nxg6 hxg6 22. Qf7# 1-0

[Event "Michigan Action"]
[Site "Detroit"]
[Date "1991.12.07"]
[Round "2"]
[White "Martell, Raul"]
[Black "Reeves, Andre"]
[Result "0-1"]
[WhiteElo "1605"]
[BlackElo "1357"]
[PlyCount "73"]
[EventDate "1991.12.07"]

1. e4 e6 2. d4 d5 3. Nc3 Nf6 4. Bd3 c5 5. Nf3 Nc6 6. e5 Nd7 7. O-O Be7 8. Be3
Qb6 9. Rb1 cxd4 10. Na4 Qb4 11. c3 dxc3 12. bxc3 Qg4 13. h3 Qh5 14. Kh2 Ndxe5
15. Nxe5 Qxd1 16. Rfxd1 Nxe5 17. Kg1 O-O 18. Bd4 Nxd3 19. Rxd3 e5 20. Re3 exd4
21. Rxe7 b6 22. cxd4 Bf5 23. Rbe1 Be6 24. Nc3 g6 25. g4 Rfc8 26. Nb5 Rc2 27.
Nc7 Rc8 28. Nxe6 fxe6 29. Rxa7 Rc1 30. Rxc1 Rxc1+ 31. Kg2 b5 32. Rb7 Rc2 33.
Rxb5 Rxa2 34. Kg3 Ra1 35. Rb6 Kf7 36. Rb7+ Kf6 37. f4 0-1

[Event "Michigan Action"]
[Site "Detroit"]
[Date "1991.12.07"]
[Round "3"]
[White "Martell, Raul"]
[Black "Poenisch, Volker"]
[Result "0-1"]
[WhiteElo "1605"]
[BlackElo "1830"]
[PlyCount "32"]
[EventDate "1991.12.07"]

1. e4 e5 2. Nf3 Nc6 3. Nc3 Nf6 4. Bc4 Bc5 5. O-O d6 6. d3 h6 7. h3 g5 8. Nd5 g4
9. Nd2 gxh3 10. gxh3 Nxd5 11. Bxd5 Qg5+ 12. Kh1 Bxh3 13. Rg1 Qh4 14. Rg3 Bg4+
15. Kg1 Qxg3+ 16. Kf1 Qxf2# 0-1

[Event "Michigan Action"]
[Site "Detroit"]
[Date "1991.12.07"]
[Round "3"]
[White "Jones, Louis"]
[Black "Weaver, K."]
[Result "1-0"]
[WhiteElo "1281"]
[BlackElo "1605"]
[PlyCount "87"]
[EventDate "1991.12.07"]

1. d4 d5 2. Bf4 e5 3. Bxe5 Bb4+ 4. c3 Ba5 5. e3 Nd7 6. Bxg7 Qh4 7. Bxh8 Nh6 8.
g3 Qe4 9. Nf3 Nf6 10. Bxf6 Ng4 11. Ng5 Qxh1 12. Qa4+ Kf8 13. Qxa5 Qg1 14. Nh3
Bf5 15. Qxd5 Nxf6 16. Qxf5 Qxh2 17. Qxf6 a6 18. Qh8+ Ke7 19. Qxa8 c5 20. dxc5
Qh1 21. Qxb7+ Qxb7 22. Na3 Qxb2 23. Rd1 Qxa3 24. c6 Qxc3+ 25. Ke2 Qxc6 26. Kd2
Qd7+ 27. Kc2 Qc7+ 28. Kb2 Qb7+ 29. Kc2 Qb4 30. Ra1 Kd7 31. Nf4 Qa4+ 32. Kb2 Kc6
33. Bg2+ Kb5 34. Bf1+ Kb4 35. Nd3+ Ka5 36. Nc5 Qb4+ 37. Kc1 Qxc5+ 38. Kd2 Qf5
39. a4 Qxf2+ 40. Kc3 Qxe3+ 41. Kb2 Qd2+ 42. Ka3 Qd4 43. Rb1 Qxa4+ 44. Kb2 1-0

[Event "Michigan Action"]
[Site "Detroit"]
[Date "1991.12.07"]
[Round "6"]
[White "Jones, Louis"]
[Black "Shelters, Richard"]
[Result "1-0"]
[WhiteElo "1281"]
[BlackElo "1605"]
[PlyCount "37"]
[EventDate "1991.12.07"]

1. d4 Nf6 2. Bf4 Nc6 3. e3 d6 4. Nf3 Bg4 5. Be2 Nh5 6. Ng5 Bxe2 7. Qxe2 Nxf4 8.
exf4 e5 9. Qc4 d5 10. Qb3 exf4 11. Qxb7 Nxd4 12. Na3 Bxa3 13. bxa3 Nxc2+ 14.
Kf1 Nxa1 15. Nh3 f3 16. gxf3 Nc2 17. Rg1 O-O 18. Qb2 Nxa3 19. Qxg7# 1-0

[Event "Michigan Action"]
[Site "Detroit"]
[Date "1991.12.07"]
[Round "1"]
[White "Jones, Louis"]
[Black "Randall, Paul"]
[Result "0-1"]
[WhiteElo "1281"]
[BlackElo "1605"]
[PlyCount "34"]
[EventDate "1991.12.07"]

1. Nh3 d5 2. Na3 e5 3. b3 c5 4. Bb2 Nc6 5. Nb5 a6 6. Nc3 Nf6 7. e3 Bd6 8. Bd3
e4 9. Be2 d4 10. exd4 cxd4 11. Nb1 O-O 12. c3 d3 13. Bf1 Re8 14. f3 exf3+ 15.
Kf2 Ng4+ 16. Kg1 Bc5+ 17. Nf2 Bxf2# 0-1

[Event "Michigan Action"]
[Site "Detroit"]
[Date "1991.12.07"]
[Round "4"]
[White "Jones, Louis"]
[Black "Martell, Raul"]
[Result "1-0"]
[WhiteElo "1281"]
[BlackElo "1605"]
[PlyCount "75"]
[EventDate "1991.12.07"]

1. d4 f5 2. Bf4 d6 3. e3 Nc6 4. Nf3 Nf6 5. Bd3 d5 6. O-O Bd7 7. Nbd2 e6 8. Ne5
Bd6 9. Nxc6 Bxc6 10. Bxd6 Qxd6 11. Nf3 O-O-O 12. c4 dxc4 13. Bxc4 Bxf3 14. Qxf3
Ng4 15. Qh3 e5 16. e4 Qxd4 17. Be6+ Kb8 18. Bxf5 Nh6 19. Be6 a6 20. Qh4 Rhe8
21. Rad1 Qb6 22. Rxd8+ Rxd8 23. Qxd8+ Ka7 24. Qd7 Qxb2 25. Qxg7 Qd2 26. Qxh7
Kb6 27. Qg6 c6 28. Bc8 Kc7 29. Bxb7 Kxb7 30. Rb1+ Kc7 31. Qg7+ Kd6 32. Qf8+ Ke6
33. h3 Qd3 34. Qxh6+ Kd7 35. Rb7+ Kc8 36. Qg7 Qd6 37. Ra7 Qb8 38. Qg8# 1-0

[Event "Michigan Action"]
[Site "Detroit"]
[Date "1991.12.07"]
[Round "3"]
[White "Ifill, Don"]
[Black "Sanborn, Neil"]
[Result "1-0"]
[WhiteElo "1813"]
[BlackElo "1307"]
[PlyCount "103"]
[EventDate "1991.12.07"]

1. a3 e5 2. b4 d5 3. Bb2 Bd6 4. g3 a6 5. Bg2 c5 6. Bxd5 cxb4 7. axb4 Bxb4 8.
Bg2 Be6 9. Bxe5 Nc6 10. Bxg7 Nge7 11. Bxh8 Bc4 12. Nf3 Ng6 13. Bc3 Bxc3 14.
Nxc3 Nd4 15. Nxd4 Qxd4 16. O-O Rd8 17. Ra4 b5 18. Rxa6 b4 19. Bc6+ Ke7 20. Nb5
Qxd2 21. Ra7+ Ke6 22. Nc7+ Ke5 23. Ra5+ Kf6 24. Nd5+ Rxd5 25. Rxd5 Qxd1 26.
Rdxd1 Bxe2 27. Rd7 Bxf1 28. Kxf1 Ne5 29. Rc7 Ke6 30. Be4 f5 31. Bd3 Nxd3 32.
cxd3 Kd6 33. Rb7 Kc5 34. Ke2 h6 35. Kd2 Kc6 36. Rxb4 Kc5 37. Rh4 f4 38. Rxf4
Kc6 39. Rf5 Kd6 40. Ke3 h5 41. Rxh5 Kd7 42. d4 Ke6 43. Ke4 Kf7 44. Re5 Kg7 45.
d5 Kf8 46. d6 Kg7 47. d7 Kf7 48. d8=Q Kg7 49. Re7+ Kg6 50. Qd6+ Kh5 51. Rh7+
Kg4 52. Qg6# 1-0

[Event "Michigan Action"]
[Site "Detroit"]
[Date "1991.12.07"]
[Round "1"]
[White "Ifill, Don"]
[Black "Martell, Raul"]
[Result "1-0"]
[WhiteElo "1813"]
[BlackElo "1605"]
[PlyCount "63"]
[EventDate "1991.12.07"]

1. a3 d5 2. b4 Nc6 3. Bb2 e5 4. b5 Nce7 5. Bxe5 f6 6. Bb2 Bf5 7. e3 c6 8. Ne2
cxb5 9. Nd4 a6 10. Nc3 g6 11. h3 Nc6 12. Nxf5 gxf5 13. Qf3 Nge7 14. Bd3 Qd7 15.
Qh5+ Kd8 16. Qf7 Ne5 17. Qxf6 Rg8 18. Qxe5 Rxg2 19. Qf6 Bg7 20. Qb6+ Ke8 21.
O-O-O d4 22. Nxb5 axb5 23. Bxb5 Nc6 24. exd4 Ra5 25. Bxc6 Bxd4 26. Bxd7+ Kxd7
27. Qxa5 Bxf2 28. Qd5+ Ke7 29. Rde1+ Bxe1 30. Rxe1+ Kf8 31. Qxg2 f4 32. Qg7#
1-0

[Event "Michigan Action"]
[Site "Detroit"]
[Date "1991.12.07"]
[Round "1"]
[White "Helle, Frank"]
[Black "Sanborn, Neil"]
[Result "1-0"]
[WhiteElo "2146"]
[BlackElo "1307"]
[PlyCount "87"]
[EventDate "1991.12.07"]

1. d4 d5 2. c4 dxc4 3. e3 e5 4. Bxc4 exd4 5. exd4 Bb4+ 6. Nc3 c5 7. d5 Nf6 8.
Nge2 O-O 9. O-O Re8 10. a3 Bxc3 11. Nxc3 Qe7 12. Bg5 h6 13. Bh4 g5 14. Bg3 Bg4
15. Qd2 Ne4 16. Nxe4 Nd7 17. Rfe1 Ne5 18. Bxe5 Qxe5 19. Nxc5 Qc7 20. Qd4 Rxe1+
21. Rxe1 Qa5 22. Qe3 Rc8 23. b4 Qc7 24. h3 Bh5 25. Be2 Bg6 26. Bd3 f5 27. Qe6+
Kg7 28. Qe7+ Qxe7 29. Rxe7+ Bf7 30. Rxb7 Kf6 31. d6 Bd5 32. Rxa7 f4 33. d7 Rd8
34. Bb5 f3 35. gxf3 Bxf3 36. Rc7 g4 37. Rc8 Rxd7 38. Bxd7 gxh3 39. Bxh3 h5 40.
Rf8+ Kg5 41. Rxf3 Kh4 42. Rf5 Kxh3 43. Rg5 Kh4 44. Rg8 1-0

[Event "Michigan Action"]
[Site "Detroit"]
[Date "1991.12.07"]
[Round "3"]
[White "Helle, Frank"]
[Black "Noren, Kevin"]
[Result "0-1"]
[WhiteElo "2146"]
[BlackElo "2323"]
[PlyCount "87"]
[EventDate "1991.12.07"]

1. d4 Nf6 2. c4 e6 3. Nc3 Bb4 4. Qc2 c5 5. dxc5 Na6 6. a3 Bxc3+ 7. Qxc3 Nxc5 8.
f3 d5 9. cxd5 b6 10. b4 Na4 11. Qc2 Bd7 12. dxe6 fxe6 13. e4 Rc8 14. Qd2 O-O
15. Bd3 Qe7 16. Nh3 Rfd8 17. O-O Bb5 18. Nf2 Bxd3 19. Nxd3 Rc3 20. Qd1 b5 21.
Bg5 Rcxd3 22. Qc2 h6 23. Bh4 Rd2 24. Qc6 Qd7 25. Qa6 Rc8 26. Rac1 Rcc2 27. Rxc2
Rxc2 28. Bf2 Rc7 29. g3 Nh7 30. f4 Nf6 31. f5 e5 32. Re1 Ng4 33. Qe6+ Qxe6 34.
fxe6 Kf8 35. Rd1 Ke7 36. Rd5 a6 37. Bc5+ Nxc5 38. bxc5 Kxe6 39. Rd6+ Ke7 40.
Rg6 Nf6 41. Rxg7+ Kd8 42. Rg6 Nxe4 43. Rxh6 Nxc5 44. g4 0-1

[Event "Michigan Action"]
[Site "Detroit"]
[Date "1991.12.07"]
[Round "5"]
[White "Helle, Frank"]
[Black "Burg, Dan"]
[Result "1-0"]
[WhiteElo "2146"]
[BlackElo "1853"]
[PlyCount "73"]
[EventDate "1991.12.07"]

1. d4 d5 2. c4 e6 3. Nc3 Nf6 4. Bg5 Be7 5. e3 O-O 6. Nf3 Nbd7 7. Bd3 dxc4 8.
Bxc4 a6 9. Rc1 b5 10. Be2 c5 11. O-O cxd4 12. Nxd4 Bb7 13. Bf3 Bxf3 14. Qxf3
Rc8 15. Nc6 Qe8 16. Nxe7+ Qxe7 17. Qb7 Qb4 18. Qxa6 Qxb2 19. Qxb5 Qa3 20. Qb3
Qa5 21. Bf4 Nc5 22. Qb5 Qa3 23. Bd6 Rfd8 24. Be7 Rd2 25. Nb1 Qb2 26. Rxc5 Rxc5
27. Qxc5 Rc2 28. Bxf6 gxf6 29. Qd4 Qxa2 30. Nc3 Qb2 31. Ne4 Qa2 32. Qd8+ Kg7
33. Qxf6+ Kg8 34. Ng5 Qa7 35. Rd1 Rc8 36. h4 h5 37. Nxe6 1-0

[Event "Michigan Action"]
[Site "Detroit"]
[Date "1991.12.07"]
[Round "1"]
[White "Harris, Diarra"]
[Black "Grossman, Jay"]
[Result "0-1"]
[WhiteElo "1605"]
[BlackElo "1842"]
[PlyCount "54"]
[EventDate "1991.12.07"]

1. c3 c5 2. b3 e5 3. Ba3 Nc6 4. e4 Nf6 5. Nf3 Be7 6. b4 cxb4 7. cxb4 O-O 8. Bc4
Nxe4 9. Qb3 Nf6 10. Bxf7+ Rxf7 11. Nh4 d5 12. Nc3 Rf8 13. Ne2 h6 14. Nf3 e4 15.
Nh4 Ng4 16. Ng6 Rf6 17. f4 Rxg6 18. Rc1 Nf6 19. Rc5 Bxc5 20. bxc5 Rxg2 21. Nd4
Nxd4 22. f5 Nxb3 23. h4 Nxd2 24. Bb4 Nf3+ 25. Kd1 Qd7 26. c6 Qxc6 27. h5 Qc2#
0-1

[Event "Michigan Action"]
[Site "Detroit"]
[Date "1991.12.07"]
[Round "4"]
[White "Grossman, Jay"]
[Black "Helle, Frank"]
[Result "1/2-1/2"]
[WhiteElo "1842"]
[BlackElo "2146"]
[PlyCount "66"]
[EventDate "1991.12.07"]

1. e4 c5 2. Nf3 e6 3. d4 cxd4 4. Nxd4 a6 5. Nc3 Qc7 6. Be2 Nf6 7. O-O Nc6 8.
Be3 Be7 9. f4 d6 10. Qe1 O-O 11. Qg3 Bd7 12. Nxc6 Bxc6 13. e5 Ne4 14. Nxe4 Bxe4
15. c3 b5 16. Rad1 Rfd8 17. Qf2 Rab8 18. Bd4 d5 19. Bd3 Bxd3 20. Rxd3 Rdc8 21.
f5 Bc5 22. fxe6 fxe6 23. Qh4 Rf8 24. Rxf8+ Rxf8 25. Bxc5 Qxc5+ 26. Qd4 Qc4 27.
b3 Qc7 28. Rg3 Rf5 29. Re3 Qe7 30. Qd3 Qa7 31. Qe2 a5 32. Qd3 b4 33. c4 dxc4
1/2-1/2

[Event "Michigan Action"]
[Site "Detroit"]
[Date "1991.12.07"]
[Round "2"]
[White "Grossman, Jay"]
[Black "Finegold, Mark"]
[Result "0-1"]
[WhiteElo "1842"]
[BlackElo "2238"]
[PlyCount "68"]
[EventDate "1991.12.07"]

1. e4 c5 2. Nf3 e6 3. d4 cxd4 4. Nxd4 Nf6 5. Nc3 Nc6 6. Be3 Bb4 7. Ndb5 Nxe4 8.
Bd3 Nf6 9. O-O a6 10. Nd4 O-O 11. Ne4 Nxe4 12. Bxe4 d5 13. Bd3 e5 14. Nb3 d4
15. Bd2 Bxd2 16. Nxd2 f5 17. f3 Kh8 18. Re1 Qc7 19. Rc1 Be6 20. a3 Rad8 21. c3
dxc3 22. Rxc3 Qb6+ 23. Kh1 Qxb2 24. Nb1 Ba2 25. Rc2 Qxb1 26. Qxb1 Bxb1 27. Rxb1
Rxd3 28. h3 Rd7 29. Rc5 Re7 30. Re1 e4 31. fxe4 fxe4 32. Rc4 e3 33. Rc3 e2 34.
Rc2 Rf1+ 0-1

[Event "Michigan Action"]
[Site "Detroit"]
[Date "1991.12.07"]
[Round "3"]
[White "Gramlich, Allen"]
[Black "Wanshon, Kevin"]
[Result "0-1"]
[WhiteElo "1605"]
[BlackElo "1797"]
[PlyCount "90"]
[EventDate "1991.12.07"]

1. e4 c6 2. d4 d5 3. Nc3 dxe4 4. Nxe4 Nf6 5. Bd3 Qxd4 6. Be3 Qd8 7. Nf3 Nbd7 8.
Qd2 Nb6 9. O-O-O Nxe4 10. Bxe4 Qxd2+ 11. Nxd2 Bd7 12. Bxb6 axb6 13. Nc4 Rxa2
14. Nxb6 Ra1+ 15. Kd2 Ra6 16. Nxd7 Kxd7 17. Ke2+ Kc7 18. Bd3 Ra8 19. Bc4 e6 20.
Rd4 Be7 21. Rhd1 Rhd8 22. Rxd8 Bxd8 23. b4 Ra4 24. c3 Bf6 25. Rd3 b5 26. Bb3
Ra7 27. c4 Be7 28. c5 Bf6 29. Bc2 Ra2 30. Kd1 Rb2 31. Rb3 Rxb3 32. Bxb3 Bc3 33.
Bc2 h6 34. Bh7 f6 35. Bg8 Kd7 36. f3 Bxb4 37. Kc2 Bxc5 38. Kb3 Kd6 39. g4 Bf2
40. f4 e5 41. fxe5+ fxe5 42. h3 e4 43. Kc3 Ke5 44. Kb3 e3 45. Kc3 Bh4 0-1

[Event "Michigan Action"]
[Site "Detroit"]
[Date "1991.12.07"]
[Round "5"]
[White "Finegold, Mark"]
[Black "Thompson, Dexter"]
[Result "1/2-1/2"]
[WhiteElo "2238"]
[BlackElo "2200"]
[PlyCount "42"]
[EventDate "1991.12.07"]

1. c4 e5 2. Nc3 Nf6 3. g3 c6 4. Nf3 e4 5. Nd4 d5 6. cxd5 cxd5 7. Bg2 Be7 8. O-O
O-O 9. d3 exd3 10. Qxd3 Nc6 11. Bg5 Nxd4 12. Qxd4 Be6 13. Rfd1 h6 14. Bf4 Rc8
15. Be5 Bc5 16. Qf4 Nh5 17. Qf3 Qg5 18. Bd4 Rfd8 19. Bxc5 Rxc5 20. Rd4 Nf6 21.
Qd3 Rcc8 1/2-1/2

[Event "Michigan Action"]
[Site "Detroit"]
[Date "1991.12.07"]
[Round "3"]
[White "Finegold, Mark"]
[Black "Skidmore, Jennifer"]
[Result "1-0"]
[WhiteElo "2238"]
[BlackElo "1984"]
[PlyCount "82"]
[EventDate "1991.12.07"]

1. e4 e5 2. Nf3 d6 3. d4 exd4 4. Nxd4 Nf6 5. Nc3 Nbd7 6. g3 Nc5 7. Bg2 Be7 8.
O-O c6 9. a3 O-O 10. b4 Ne6 11. Nf5 Qc7 12. Be3 Rd8 13. Nxe7+ Qxe7 14. Qd3 b6
15. h3 Bb7 16. Rfd1 Rd7 17. Ne2 c5 18. c4 Nf8 19. Nc3 Ng6 20. Qc2 Ne5 21. Ne2
cxb4 22. axb4 Rc7 23. c5 dxc5 24. bxc5 bxc5 25. Ra5 Ned7 26. Bf4 Ne5 27. Qc3
Rd7 28. Rda1 Ng6 29. e5 Bxg2 30. Kxg2 Ne4 31. Qf3 Nxf4+ 32. gxf4 Rc8 33. Qxe4
c4 34. Rc1 Qb4 35. Rd5 Rdc7 36. Qd4 Qe7 37. Rc3 h6 38. Ng3 Qe8 39. Nh5 f6 40.
exf6 Qxh5 41. Rxh5 gxf6 1-0